| 000 | 00395nam a22001457a 4500 | ||
|---|---|---|---|
| 082 |
_a621.3 _bNAD _cL-11, P-17 |
||
| 100 |
_aNadon, John M. _941168 |
||
| 245 | _aIndustrial electricity. | ||
| 250 | _a2nd ed. | ||
| 260 |
_aUSA _bD. Van Nostrand Company, Inc. _c1966 |
||
| 300 |
_ax,710 p. : _bill. : _c10 Cm |
||
| 526 |
_a0 _b0 _c0 _d621_300000000000000_NAD |
||
| 650 |
_aMCE _9379 |
||
| 942 |
_2ddc _cBK |
||
| 999 |
_c545348 _d545348 |
||